[Event "Arco op 45th"]
[Site "Arco"]
[Date "2023.10.15"]
[Round "9"]
[White "Christoffel, Ulrich"]
[Black "Zanin, Luca"]
[Result "1/2-1/2"]
[WhiteElo "2087"]
[BlackElo "1704"]
[PlyCount "56"]
[EventDate "2023.10.07"]
[EventType "swiss"]
[EventRounds "9"]
[EventCountry "ITA"]
[SourceTitle "Mega2024 Update 01"]
[Source "Chessbase"]
[SourceDate "2023.11.12"]
[SourceVersion "1"]
[SourceVersionDate "2023.11.12"]
[SourceQuality "1"]

1. e4 c5 2. Nc3 g6 3. d4 cxd4 4. Qxd4 Nf6 5. Be3 Bg7 6. f3 0-0 7. Qd2 Nc6 8. 0-0-0 d6 9. Nge2 Qa5 10. Kb1 b5 11. Nd4 Nxd4 12. Bxd4 a6 13. Nd5 Qxd2 14. Nxe7+ Kh8 15. Rxd2 Bb7 16. Nd5 Nxd5 17. exd5 Rac8 18. Be2 Bxd4 19. Rxd4 Rfe8 20. Rd2 Rc5 21. Rhd1 Rxd5 22. Rxd5 Bxd5 23. Bd3 Bc6 24. Kc1 d5 25. c3 Kg7 26. Kd2 f5 27. Re1 Rxe1 28. Kxe1 Kf6 1/2-1/2

[Event "Arco op 43rd"]
[Site "Arco"]
[Date "2021.10.17"]
[Round "9"]
[White "Zanin, Luca"]
[Black "Oppici, Gabriele"]
[Result "0-1"]
[WhiteElo "1653"]
[BlackElo "1892"]
[PlyCount "32"]
[EventDate "2021.10.09"]
[EventType "swiss"]
[EventRounds "9"]
[EventCountry "ITA"]
[SourceTitle "EXT 2023"]
[Source "ChessBase"]
[SourceDate "2022.10.05"]
[SourceVersion "1"]
[SourceVersionDate "2022.10.05"]
[SourceQuality "1"]

1. d4 d6 2. e4 Nf6 3. Nc3 g6 4. Be2 Bg7 5. Be3 c6 6. f4 Qa5 7. Qd2 e5 8. 0-0-0 0-0 9. h3 b5 10. a3 b4 11. axb4 Qa1+ 12. Nb1 Nxe4 13. Qe1 Be6 14. c4 exf4 15. Bxf4 d5 16. c5 a5 0-1

[Event "Arco op 34th"]
[Site "Arco"]
[Date "2012.10.19"]
[Round "7"]
[White "Zanin, Luca"]
[Black "Ludwig, Timm"]
[Result "1-0"]
[WhiteElo "1615"]
[BlackElo "1688"]
[PlyCount "45"]
[EventDate "2012.10.13"]
[EventType "swiss"]
[EventRounds "9"]
[EventCountry "ITA"]
[SourceTitle "EXT 2013"]
[Source "ChessBase"]
[SourceDate "2012.11.22"]
[SourceVersion "1"]
[SourceVersionDate "2012.11.22"]
[SourceQuality "1"]

1. d4 d5 2. Nf3 Nf6 3. e3 g6 4. Bd3 Bg7 5. Nbd2 0-0 6. c3 Nbd7 7. 0-0 c5 8. Re1 cxd4 9. cxd4 Nb6 10. b3 Re8 11. Bb2 Bf5 12. Bxf5 gxf5 13. Ne5 Nbd7 14. f4 Nxe5 15. fxe5 Ne4 16. Rf1 e6 17. Rf3 Ng5 18. Rg3 f6 19. Qh5 Qe7 20. exf6 Qxf6 21. Qxg5 Qxg5 22. Rxg5 Rac8 23. Nf1 1-0

[Event "Nago Torbole op-A"]
[Site "Nago Torbole"]
[Date "2010.12.28"]
[Round "5"]
[White "Zanin, Luca"]
[Black "Viola, Enrico"]
[Result "0-1"]
[WhiteElo "1497"]
[BlackElo "1713"]
[PlyCount "42"]
[EventDate "2010.12.26"]
[EventType "swiss"]
[EventRounds "7"]
[EventCountry "ITA"]
[SourceTitle "EXT 2024"]
[Source "ChessBase"]
[SourceDate "2023.10.10"]
[SourceVersion "1"]
[SourceVersionDate "2023.10.10"]
[SourceQuality "1"]

1. c4 Nf6 2. Nc3 g6 3. Nf3 Bg7 4. g3 0-0 5. d4 d5 6. e3 c5 7. cxd5 Nxd5 8. Bg2 Nc6 9. Nxd5 Qxd5 10. 0-0 Qh5 11. dxc5 Bg4 12. h3 Bxh3 13. Bxh3 Qxh3 14. Qc2 Rad8 15. Qe4 Bf6 16. Nd2 Rd7 17. Qg2 Qh5 18. Ne4 Bg7 19. Rb1 f5 20. Nd2 Qe2 21. Qf3 Rxd2 0-1